Statistics for Serie A logos 23-24

Click here to take the quiz!

General Stats

  • This quiz has been taken 155 times
  • The average score is 16 of 20

Answer Stats

Answer% Correct
Juventus
100%
AC Milan
98%
Roma
97%
Lazio
95%
Napoli
95%
Inter Milan
94%
Atalanta
90%
Torino
90%
Fiorentina
87%
Bologna
83%
Udinese
83%
Sassuolo
73%
Hellas Verona
71%
Empoli
70%
Genoa
70%
Cagliari
68%
Lecce
60%
Monza
56%
Salernitana
48%
Frosinone
45%

Score Distribution

Percentile by Number Answered

Percent of People with Each Score

Your Score History

You have not taken this quiz